| 000 | 01227nam a2200349 a 4500 | ||
|---|---|---|---|
| 999 |
_c1098 _d1098 |
||
| 001 | 1098 | ||
| 003 | BD-JhCC | ||
| 005 | 20211110134022.0 | ||
| 008 | 070129s2007 nyua j b 001 0 eng | ||
| 020 | _a9781402749513 | ||
| 020 | _a1402749511 | ||
| 020 | _a1402732309 (pbk.) | ||
| 020 | _a9781402732300 (pbk.) | ||
| 035 | _a(BD-JhCC)1098 | ||
| 040 |
_aDLC _cDLC _dDLC _dBD-JhCC |
||
| 041 | _aeng | ||
| 050 | 0 | 0 |
_aTK6143.B4 _bC37 2007 |
| 082 | 0 | 0 |
_a621.385092 _222 _bCAR 2007 |
| 100 | 1 | _aCarson, Mary Kay. | |
| 245 | 1 | 0 |
_aAlexander Graham Bell : _bgiving voice to the world / _cMary Kay Carson. |
| 260 |
_aNew York : _bSterling, _cc2007. |
||
| 300 |
_a124 p. : _bill. ; _c20 cm. |
||
| 490 | 0 | _aSterling biographies | |
| 504 | _aIncludes bibliographical references (p. 121) and index. | ||
| 600 | 1 | 0 |
_aBell, Alexander Graham, _d1847-1922 |
| 650 | 0 |
_aInventors _zUnited States _vBiography _vJuvenile literature. |
|
| 650 | 0 |
_aTelephone _zUnited States _xHistory _vJuvenile literature. |
|
| 856 | 4 | 1 |
_3Table of contents only _uhttp://www.loc.gov/catdir/toc/ecip079/2007003502.html |
| 856 | 4 | 2 |
_3Publisher description _uhttp://www.loc.gov/catdir/enhancements/fy0709/2007003502-d.html |
| 942 |
_2ddc _cBK _02 |
||